Polscy piłkarze - ZDJĘCIA - Statystyki

Ogólne statystyki
  • Ten quiz został rozwiązany 2 353 razy
  • Średni wynik to 18 z 26
Statystyki odpowiedzi
Obrazkowy Odpowiedź % Poprawnych
Robert Lewandowski
99%
Arkadiusz Milik
96%
Wojciech Szczęsny
96%
Grzegorz Krychowiak
95%
Michał Pazdan
94%
Jakub Błaszczykowski
93%
Kamil Glik
93%
Łukasz Fabiański
92%
Kamil Grosicki
91%
Krzysztof Piątek
90%
Piotr Zieliński
89%
Łukasz Piszczek
81%
Jan Bednarek
79%
Artur Jędrzejczyk
73%
Bartosz Bereszyński
71%
Łukasz Skorupski
71%
Maciej Rybus
67%
Karol Linetty
57%
Jacek Góralski
53%
Mateusz Klich
48%
Dawid Kownacki
47%
Marcin Kamiński
38%
Rafał Kurzawa
38%
Rafał Gikiewicz
34%
Tomasz Kędziora
32%
Paweł Olkowski
17%
Nie znaleziono quizów pasujących do podanych kryteriów
Rozkład punktacji
Procent ludzi z każdym wynikiem
Percentyl według liczby udzielonych odpowiedzi
Twoja historia wyników
Nie rozwiązałeś tego quizu